Violent affections: queer sexuality, techniques of power, and law in Russia

Violent Affections uncovers techniques of power that work to translate emotions into violence against queer people. Based on analysis of over 300 criminal cases of anti-queer violence in Russia before and after the introduction of 'gay propaganda' law, the book shows how violent acts are f...

Descripción completa

Guardado en:  
Detalles Bibliográficos
Autor principal: Kondakov, Alexander (Autor)
Tipo de documento: Electrónico Libro
Lenguaje:Inglés
Publicado: London UCL Press 2022
En:Año: 2022
Acceso en línea: Volltext (kostenfrei)
Volltext (kostenfrei)
Volltext (kostenfrei)
Rights Information:CC BY-NC 4.0
Verificar disponibilidad: HBZ Gateway
Palabras clave:
Parallel Edition:Erscheint auch als: 1800082940. - 9781800082946

MARC

LEADER 00000cam a22000002c 4500
001 1820692566
003 DE-627
005 20260310142200.0
007 cr uuu---uuuuu
008 221103s2022 xxk|||||o 00| ||eng c
020 |a 9781800082939  |q electronic bk.  |9 978-1-80008-293-9 
020 |a 1800082932  |q electronic bk.  |9 1-80008-293-2 
024 7 |a 10.14324/111.9781800082939  |2 doi 
035 |a (DE-627)1820692566 
035 |a (DE-599)KEP082412448 
035 |a (OCoLC)1349363323 
035 |a (MiAaJST)j.ctv2f4v5pg 
035 |a (DE-627-1)082412448 
040 |a DE-627  |b ger  |c DE-627  |e rda 
041 |a eng 
044 |c XA-GB 
050 0 |a HV6250.4.S49 
050 0 |a HQ73.3.R8 
050 0 |a HQ76.3.R8 
072 7 |a LAW043000  |2 bisacsh 
072 7 |a LAW000000  |2 bisacsh 
072 7 |a SOC000000  |2 bisacsh 
072 7 |a SOC002010  |2 bisacsh 
072 7 |a SOC002000  |2 bisacsh 
072 7 |a SOC032000  |2 bisacsh 
072 7 |a SOC060000  |2 bisacsh 
072 7 |a SOC026040  |2 bisacsh 
072 7 |a SOC026000  |2 bisacsh 
082 0 |a 306.760947  |q DLC  |2 23 
082 0 |a 306.760947  |2 23/eng/20220912 
084 |a 2,1  |2 ssgn 
100 1 |8 1\p  |a Kondakov, Alexander  |e VerfasserIn  |0 (DE-588)1150242728  |0 (DE-627)1010388940  |0 (DE-576)496955357  |4 aut 
109 |a Kondakov, Alexander  |a Kondakov, Aleksandr  |a Kondakov, Alexander Sasha 
245 1 0 |a Violent affections  |b queer sexuality, techniques of power, and law in Russia  |c Alexander Sasha Kondakov 
264 1 |a London  |b UCL Press  |c 2022 
300 |a 1 Online-Ressource  |b illustrations (black and white) 
336 |a Text  |b txt  |2 rdacontent 
337 |a Computermedien  |b c  |2 rdamedia 
338 |a Online-Ressource  |b cr  |2 rdacarrier 
490 0 |a Fringe 
520 |a Violent Affections uncovers techniques of power that work to translate emotions into violence against queer people. Based on analysis of over 300 criminal cases of anti-queer violence in Russia before and after the introduction of 'gay propaganda' law, the book shows how violent acts are framed in emotional language by perpetrators during their criminal trials. It then utilises an original methodology of studying 'legal memes' and argues that these individual affective states are directly connected to the political violence aimed at queer lives more generally 
540 |a Namensnennung-Nicht kommerziell 4.0 International  |f CC BY-NC 4.0  |2 cc  |u https://creativecommons.org/licenses/by-nc/4.0/ 
583 1 |a Archivierung/Langzeitarchivierung gewährleistet  |f SSG  |x XA-DE-BW  |2 pdager  |5 DE-21 
650 0 |a Gays  |z Russia (Federation) 
650 0 |a Sexual minorities  |x Legal status, laws, etc  |z Russia (Federation)  |2 DLC 
650 0 |a Sexual minorities  |x Crimes against 
650 0 |a Sexual minorities  |x Crimes against  |z Russia (Federation)  |2 DLC 
650 0 |a Homosexuality  |z Russia (Federation) 
650 0 |a Gay people  |z Russia (Federation) 
650 4 |a LGBTQ+ victims of crime  |0 https://homosaurus.org/v3/homoit0000312 
650 4 |a Hate Crimes  |0 https://homosaurus.org/v3/homoit0000109 
650 4 |a LGBTQ+ people  |0 https://homosaurus.org/v3/homoit0000915 
650 4 |a Personnes homosexuelles - Russie 
650 4 |a Homosexualité - Russie 
650 4 |a Gender & the Law 
650 4 |a Law 
650 4 |a Social Science 
650 4 |a Cultural 
650 4 |a Anthropology 
650 4 |a Gender Studies 
650 4 |a Sexual Abuse & Harassment 
650 4 |a Sociology 
650 4 |a Gay people 
650 4 |a Homosexuality 
650 4 |a Minorités sexuelles - Crimes contre 
650 4 |a Sexual minorities - Legal status, laws, etc 
651 4 |a Russia (Federation)  |0 (OCoLC)fst01262050 
776 1 |z 9781800082953  |c hbk. 
776 0 8 |i Erscheint auch als  |z 1800082940  |z 9781800082946 
856 |u https://discovery.ucl.ac.uk/10153556/1/Violent-Affections.pdf  |x unpaywall  |z Vermutlich kostenfreier Zugang  |h publisher [deprecated] 
856 4 0 |u https://www.jstor.org/stable/10.2307/j.ctv2f4v5pg  |m X:JSTOR  |x Verlag  |z kostenfrei  |7 0 
856 4 0 |u https://discovery.ucl.ac.uk/id/eprint/10153556/1/Violent-Affections.pdf  |q application/pdf  |x Verlag  |z kostenfrei  |7 0 
856 4 0 |u https://doi.org/10.14324/111.9781800082939  |x Verlag  |y Volltext  |z kostenfrei  |7 0 
883 |8 1\p  |a cgwrk  |d 20241001  |q DE-101  |u https://d-nb.info/provenance/plan#cgwrk 
912 |a ZDB-39-JOA 
951 |a BO 
ELC |a 1 
LOK |0 000 xxxxxcx a22 zn 4500 
LOK |0 001 4213338126 
LOK |0 003 DE-627 
LOK |0 004 1820692566 
LOK |0 005 20221117104524 
LOK |0 008 221117||||||||||||||||ger||||||| 
LOK |0 040   |a DE-21  |c DE-627  |d DE-21 
LOK |0 092   |o n 
LOK |0 852   |a DE-21 
LOK |0 852 1  |9 00 
LOK |0 935   |a krim 
LOK |0 939   |a 2022-11-17  |b l01 
OAS |a 1 
ORI |a WA-MARC-krimdoka001.raw